Propluli jsme temným obdobím

Na trhu priemyselných nehnuteľností odchádza Českej republike vlak. Za posledný rok bola viac než desiatka veľkých projektov realizovaná v Nemecku, či v Poľsku. Generálny riaditeľ Panattoni Pavel Sovička hovorí o tom, na čom je treba popracovať, aby investori a obce mali záujem logistické prevádzky...

Descrizione completa

Salvato in:
Dettagli Bibliografici
Autore principale: Toman, Pavel
Altri autori: Hubička, Filip
Natura: Capitolo di libro
Lingua:ceco
Soggetti:
Tags: Aggiungi Tag
Nessun Tag, puoi essere il primo ad aggiungerne!!

MARC

LEADER 00000naa a2200000 4500
001 0279294
005 20211029102829.1
041 0 |a cze 
044 |a CZ 
245 1 0 |a Propluli jsme temným obdobím  |c Pavel Toman, Filip Hubička 
520 |a Na trhu priemyselných nehnuteľností odchádza Českej republike vlak. Za posledný rok bola viac než desiatka veľkých projektov realizovaná v Nemecku, či v Poľsku. Generálny riaditeľ Panattoni Pavel Sovička hovorí o tom, na čom je treba popracovať, aby investori a obce mali záujem logistické prevádzky ďalej rozvíjať a budovať. 
610 2 0 |a konkurencia 
610 2 0 |a priemysel 
610 2 0 |a logistika 
610 2 0 |a digitalizácia 
610 2 0 |a revitalizácia 
610 2 0 |a nehnuteľnosti 
610 2 0 |a projekty 
100 1 |a Toman, Pavel 
700 1 |a Hubička, Filip